Todos los territorios de la Corona de Aragón en un mapa - Estadísticas

Estadísticas generales
  • Esta prueba ha sido intentada 123 veces
    99 desde el último reinicio
  • La puntuación promedio es 9 de 11
Respuestas en el mapa
Las respuestas están codificadas por una escala verde-roja en el mapa de la prueba según el % correcto abajo.
 
Estadísticas de respuestas
Respuesta % Correcto
Principado de Cataluña
100%
Reino de Sicilia
98%
Reino de Valencia
98%
Reino de Aragón
97%
Reino de Nápoles
90%
Reino de Mallorca
89%
Reino de Cerdeña
85%
Ducado de Atenas
77%
Ducado de Neopatria
53%
Condado de Provenza
48%
Señorío de Montpellier
32%
No se encontraron pruebas coincidentes
Distribución de puntuación
Porcentaje de gente con cada puntuación
Porcentaje por número respondido
Historial de tus puntuaciones
No has intentado esta prueba desde el último reinicio